Super Smash Bros Ultimate - Every Video Game Series Represented - Statistics

General Stats
  • This quiz has been taken 374 times
    125 since last reset
  • The average score is 70 of 215
Answer Stats
Content Primary Developer Series % Correct
Character Nintendo Super Mario
100%
Character Nintendo Donkey Kong
87%
Character Intelligent Systems Fire Emblem
87%
Character Nintendo Metroid
87%
Character Mojang Studios Minecraft
87%
Character Game Freak Pokemon
87%
Character Nintendo The Legend of Zelda
87%
Character Sega Sonic the Hedgehog
85%
Character Capcom Street Fighter
85%
Character Square Enix Final Fantasy
83%
Character Bandai Namco Tekken
83%
Character Nintendo ARMS
81%
Character Ape/Creatures Inc. Earthbound
81%
Character HAL Laboratory Kirby
81%
Character Capcom Mega Man
81%
Music Nintendo X
81%
Character Monolith Soft Xenoblade Chronicles
81%
Character Nintendo Game & Watch
79%
Character Nintendo Ice Climber
79%
Character Konami Metal Gear
79%
Character Bandai Namco Pac-Man
79%
Character Nintendo Star Fox
79%
Character Nintendo Wario
79%
Character Rare Ltd. Banjo-Kazooie
77%
Character Nintendo F-Zero
77%
Character Nintendo Yoshi
77%
Character Konami Castlevania
74%
Character Nintendo Duck Hunt
74%
Character Atlus Persona
74%
Character PlatinumGames Bayonetta
72%
Character Square Enix Kingdom Hearts
72%
Character Nintendo Wii Fit
72%
Character Square Enix Dragon Quest
70%
Character SNK Fatal Fury
70%
Character Nintendo Kid Icarus
70%
Character Nintendo Mii
70%
Character Nintendo Pikmin
70%
Mii Costume Toby Fox Undertale
70%
Character Nintendo Animal Crossing
68%
Character Nintendo R.O.B.
68%
Character Nintendo Punchout!!
64%
Character Nintendo Splatoon
62%
Assist Trophy Yacht Club Games Shovel Knight
55%
Mii Costume Ubisoft Assassin's Creed
53%
Mii Costume iD Software Doom
53%
Boss Capcom Monster Hunter
53%
Spirit Capcom Resident Evil
53%
Stage SNK The King of Fighters
53%
Stage Nintendo Wii Sports
53%
Spirit Ubisoft Rayman
49%
Mii Costume StudioMDHR Cuphead
47%
Item Bandai Namco Galaxian
47%
Mii Costume Ubisoft Rabbids
47%
Mii Costume Bethesda Softworks The Elder Scrolls
47%
Mii Costume Bethesda Softworks Fallout
45%
Assist Trophy Nintendo Brain Age
43%
Mii Costume Capcom Devil May Cry
43%
Assist Trophy Camelot Software Planning Golden Sun
43%
Mii Costume Wayforward Shantae
43%
Music Alexey Pajitnov Tetris
43%
Music Nintendo Excite
40%
Mii Costume Skip Ltd. Chibi Robo
38%
Stage indieszero Electroplankton
38%
Assist Trophy Koei Tecmo Fatal Frame
38%
Stage Nintendo Nintendogs
38%
Stage Nintendo Balloon Fight
36%
Assist Trophy Konami Bomberman
36%
Stage Nintendo Nintendo DS
36%
Music Nintendo Rhythm Heaven
36%
Stage Nintendo Tomodachi
36%
Assist Trophy Sega Virtua Fighter
36%
Music SNK Metal Slug
34%
Mii Costume Grasshopper Manufacture No More Heroes
34%
Assist Trophy Tose The Legendary Starfy
34%
Spirit Intelligent Systems Wars
34%
Spirit Supergiant Games Hades
32%
Stage Nintendo Pilotwings
32%
Assist Trophy Headstrong Games Art Academy
30%
Spirit PlatinumGames Astral Chain
30%
Music SNK Athena/Psycho Soldier
30%
Music Nintendo Big Brain Academy
30%
Mii Costume SNK Samurai Shodown
30%
Spirit HAL Laboratory BoxBoy!
28%
Item Nintendo Clu Clu Land
28%
Mii Costume Capcom Ghosts 'n Goblins
28%
Spirit Square Enix Octopath Traveler
28%
Mii Costume Treasure Sin and Punishment
28%
Mii Costume SNK Art of Fighting
26%
Mii Costume Konami Goemon
26%
A Character's Taunt Bandai Namco Katamari
26%
Spirit Square Enix Mana
26%
Music Intelligent Systems Pushmo
26%
Assist Trophy Maxis SimCity
26%
Stage Nintendo Wrecking Crew
26%
Mii Costume Noise Custom Robo
23%
Assist Trophy Nintendo Devil World
23%
Music Vanpool Dillon's Rolling Western
23%
Music Nintendo Fossil Fighters
23%
Music Bandai Namco Mappy
23%
Assist Trophy Nintendo Nintendo Badge Arcade
23%
Spirit Nintendo Nintendo Labo
23%
Item Nintendo Panel de Pon
23%
Assist Trophy Nintendo Sheriff
23%
Item Nintendo Steel Diver
23%
Mii Costume Bandai Namco Tales
23%
Assist Trophy Nintendo The Mysterious Murasame Castle
23%
Music PlatinumGames The Wonderful 101
23%
Spirit Nintendo Wave Race
23%
Music Nintendo 1080°
21%
Spirit Nintendo Baseball
21%
Music Skip Ltd. Captain Rainbow
21%
Music Intelligent Systems Code Name: S.T.E.A.M
21%
Spirit Monolith Soft Disaster: Day of Crisis
21%
A Character's Special Nintendo Hogan's Alley
21%
Music SNK Ikari Warriors
21%
Music Nintendo Mach Rider
21%
Spirit Brownie Brown Magical Starsign
21%
Spirit iNiS Ouendan/Elite Beat Agents
21%
Music syn Sophia Style Savvy
21%
A Character's Special Nintendo Wild Gunman
21%
Spirit Silicon Studio Bravely Default
19%
Spirit Saru Brunei Cubivore
19%
Music Bandai Namco Dig Dug
19%
Spirit Game Freak Drill Dozer
19%
Spirit Silicon Knights Eternal Darkness
19%
Spirit Nintendo Famicom Detective Club
19%
Spirit Cing Hotel Dusk
19%
Assist Trophy Nintendo Joy Mech Fight
19%
Spirit Ganbarion Pandora's Tower
19%
Music indieszero Personal Trainer: Cooking
19%
Spirit Nintendo Sushi Striker
19%
Spirit Nintendo Tennis
19%
Spirit Mistwalker The Last Story
19%
Spirit Cing Trace Memory
19%
Music Monolith Soft Baten Kaitos
17%
Assist Trophy Nintendo Color TV-Game
17%
Spirit Marvelous Daemon X Machina
17%
Music Grezzo Ever Oasis
17%
Spirit Skip Ltd. GiFTPiA
17%
Assist Trophy Nintendo Kaeru no Tame ni Kane wa Naru (The Frog for whom the Bell Tolls)
17%
Spirit Nintendo Marvelous
17%
Spirit Nintendo Ring Fit Adventure
17%
Spirit Technōs Japan River City
17%
Assist Trophy Nintendo Swapnote
17%
Spirit Vanillaware 13 Sentinels: Aegis Rim
15%
Spirit Artoon FlingSmash
15%
Spirit Pax Softnica Hajimari no Mori (Origin of the Forest)
15%
Spirit Game Freak HarmoKnight
15%
Spirit Nintendo Mole Mania
15%
Spirit Konami Power Pros
15%
Item Bandai Namco Rally-X
15%
Spirit Nintendo Rusty's Real Deal Baseball
15%
Spirit Nintendo Stunt Race FX
15%
Spirit OPeNBooK The Tower
15%
Spirit AlphaDream Tomato Adventure
15%
Spirit Nintendo Urban Champion
15%
Spirit Nintendo Volleyball
15%
Spirit Digital Extremes Warframe
15%
Music Nintendo Yuyuki
15%
Music Sega After Burner
13%
Mii Costume Bandai Namco Babylonian Castle Saga
13%
Spirit Paritybit Calciobit
13%
Music OmiyaSoft Culdcept
13%
Spirit Curve Studios Fluidity
13%
Spirit Nintendo Ice Hockey
13%
Mii Costume Nintendo Jam with the Band
13%
Spirit Genki Napoleon
13%
Music Nintendo NES Remix
13%
Spirit Red Entertainment Project Hacker
13%
Music Grounding Inc. Sakura Samurai
13%
Music Nintendo Shin Onigashima (New Island of Oni)
13%
Music Bandai Namco Sky Kid
13%
Music Monolith Soft Soma Bringer
13%
Spirit indieszero Sutte Hakkun
13%
Music Nintendo Tank Troopers
13%
Spirit Nintendo Yakuman
13%
Spirit Sandlot Zangeki no Reginleiv (Slashing Reginleiv)
13%
Music SNK Alpha Mission
11%
Spirit Shift And-Kensaku
11%
Spirit Mistwalker ASH: Archaic Sealed Heat
11%
A Character's Taunt Bandai Namco Baraduke
11%
Spirit Ape/Creatures Inc. Chalien
11%
Music Sandlot Chosoju Mecha MG
11%
A Character's Taunt Bandai Namco Dragon Buster
11%
Music Nintendo Famicom Grand Prix
11%
Music Asobism Freakyforms
11%
Music Konami Getsu Fuma Den
11%
Music Data East Glory of Heracles
11%
A Character's Taunt Bandai Namco King & Balloon
11%
Spirit Eighting Kururin
11%
Music Bandai Namco Libble Rabble
11%
Spirit Muu Muu Make 10: A Journey of Numbers
11%
Music Bandai Namco Metro-Cross
11%
Spirit Edelweiss Sakuna: Of Rice and Ruin
11%
Spirit indieszero Sennen Kazoku (Thousand Year Family)
11%
Spirit Taito Takt of Magic
11%
Item Bandai Namco Xevious
11%
Spirit Nintendo Card Hero
9%
Music Bandai Namco Dragon Spirit
9%
Spirit Nintendo Kiki Trick
9%
Spirit MediaKite Kurikin Nano Island Story
9%
Music SFB Games Snipperclips
9%
A Character's Taunt Bandai Namco Taiko no Tatsujin
9%
Music Bandai Namco Thunder Ceptor
9%
Music Bandai Namco Valkyrie
9%
Music Bandai Namco Wonder Momo
9%
Music Arika AR Games
6%
A Character's Taunt Bandai Namco Bosconian
6%
Spirit Nintendo Slide Adventure MAGKID
6%
Spirit Nintendo Teleroboxer
6%
Spirit Nintendo Battle Clash
4%
Spirit Good-Feel Looksley's Line Up
4%
Spirit Mitchell Number Battle
4%
Spirit Muu Muu Tsukutte Utau: Saru Band (Compose and Sing: Monkey Band)
4%
Spirit Grounding Inc. Nintendouji
2%
No matching quizzes found
Score Distribution
Percent of People with Each Score
Percentile by Number Answered
Your Score History
You have not taken this quiz since the last reset